<?xml version="1.0" encoding="UTF-8"?>
<record
    xmlns:xsi="http://www.w3.org/2001/XMLSchema-instance"
    xsi:schemaLocation="http://www.loc.gov/MARC21/slim http://www.loc.gov/standards/marcxml/schema/MARC21slim.xsd"
    xmlns="http://www.loc.gov/MARC21/slim">

  <leader>03640nam a2200277 i 4500</leader>
  <controlfield tag="001">991061132662206706</controlfield>
  <controlfield tag="005">20250827124139.0</controlfield>
  <controlfield tag="008">240522s2024    spc||||  |||| 0|0 f spa| </controlfield>
  <datafield tag="015" ind1=" " ind2=" ">
    <subfield code="a">LL2024</subfield>
    <subfield code="2">bnc</subfield>
  </datafield>
  <datafield tag="017" ind1=" " ind2=" ">
    <subfield code="a">DL B 2698-2024</subfield>
    <subfield code="b">Biblioteca de Catalunya</subfield>
  </datafield>
  <datafield tag="020" ind1=" " ind2=" ">
    <subfield code="a">9788419089823</subfield>
  </datafield>
  <datafield tag="040" ind1=" " ind2=" ">
    <subfield code="a">ES-BaBC</subfield>
    <subfield code="b">eng</subfield>
    <subfield code="e">rda</subfield>
    <subfield code="c">ES-BaBC</subfield>
  </datafield>
  <datafield tag="041" ind1="1" ind2=" ">
    <subfield code="a">Spanish</subfield>
    <subfield code="h">eng</subfield>
  </datafield>
  <datafield tag="100" ind1=" " ind2=" ">
    <subfield code="a">O'Farrell, Maggie</subfield>
    <subfield code="d">1972-</subfield>
    <subfield code="e">autor</subfield>
    <subfield code="9">23612</subfield>
  </datafield>
  <datafield tag="240" ind1="1" ind2="0">
    <subfield code="a">Distance between us.</subfield>
    <subfield code="l">Spanish</subfield>
  </datafield>
  <datafield tag="245" ind1="1" ind2="3">
    <subfield code="a">La Distancia que nos separa </subfield>
    <subfield code="c">/ Maggie O'Farrell ; translated by Concha Carde&#xF1;oso S&#xE1;enz de Miera</subfield>
  </datafield>
  <datafield tag="250" ind1=" " ind2=" ">
    <subfield code="a">First edition</subfield>
  </datafield>
  <datafield tag="260" ind1=" " ind2=" ">
    <subfield code="a">Barcelona:</subfield>
    <subfield code="b">Libros del Asteroide,</subfield>
    <subfield code="c">2024</subfield>
  </datafield>
  <datafield tag="300" ind1=" " ind2=" ">
    <subfield code="a">336 pages ;</subfield>
    <subfield code="c">22 cm</subfield>
  </datafield>
  <datafield tag="490" ind1="1" ind2=" ">
    <subfield code="a">Libros del Asteroide ;</subfield>
    <subfield code="v">314</subfield>
  </datafield>
  <datafield tag="520" ind1=" " ind2=" ">
    <subfield code="a">In&#xE9;dita en espa&#xF1;ol, una nueva pieza del extraordinario universo de Maggie O&#x2019;Farrell: un libro cautivador sobre la forma en que la familia moldea nuestra vida.

Paseando por Londres, Stella se cruza con un hombre que la devuelve a un momento insoportable de su pasado. Este encuentro la perturba tanto que deja inmediatamente el trabajo y, sin avisar a nadie, se instala en un rec&#xF3;ndito lugar de Escocia; solo su impredecible hermana Nina, a quien est&#xE1; muy unida desde ni&#xF1;a, sabr&#xE1; d&#xF3;nde encontrarla. Al otro lado del mundo, en Hong Kong, Jake y su novia est&#xE1;n disfrutando de la multitudinaria celebraci&#xF3;n del A&#xF1;o Nuevo chino cuando ocurre un accidente. Stella y Jake no se conocen, pero ambos huyen de sus vidas: Jake busca un lugar tan remoto que no aparece en ning&#xFA;n mapa, y Stella se esconde de algo cuyo significado &#xFA;nicamente su hermana puede entender.

In&#xE9;dita en espa&#xF1;ol, La distancia que nos separa &#x2013;la tercera novela de Maggie O&#x2019;Farrell, publicada por primera vez en 2004&#x2013;, explora ya algunos de los temas que ser&#xE1;n fundamentales en la obra de la autora de Hamnet y El retrato de casada: los lazos afectivos, el peso de los recuerdos y la necesidad de independencia. Una cautivadora historia sobre c&#xF3;mo la familia conforma nuestras vidas, y sobre lo dif&#xED;cil que es, por mucho que lo intentemos, dejar atr&#xE1;s nuestros or&#xED;genes.</subfield>
  </datafield>
  <datafield tag="520" ind1=" " ind2=" ">
    <subfield code="a">Unpublished in Spanish, a new addition to Maggie O&#x2019;Farrell&#x2019;s extraordinary universe: a captivating novel about the ways in which family shapes our lives.

While walking through London, Stella encounters a man who drags her back to an unbearable moment from her past. The meeting unsettles her so profoundly that she immediately gives up her job and, without telling anyone, retreats to a remote corner of Scotland; only her unpredictable sister Nina, with whom she has been close since childhood, will know where to find her. On the other side of the world, in Hong Kong, Jake and his girlfriend are caught up in the bustling Chinese New Year celebrations when an accident occurs. Stella and Jake are strangers, yet both are running from their own lives: Jake is searching for a place so remote it cannot be found on any map, while Stella is hiding from something whose meaning only her sister can truly understand.

The Distance Between Us &#x2014; Maggie O&#x2019;Farrell&#x2019;s third novel, first published in 2004 and now newly available in Spanish &#x2014; already explores many of the themes that would come to define the work of the author of Hamnet and The Marriage Portrait: the bonds of affection, the weight of memory, and the need for independence. A mesmerising story about how family shapes our existence, and how difficult it is, no matter how hard we try, to leave our origins behind.</subfield>
  </datafield>
  <datafield tag="700" ind1=" " ind2=" ">
    <subfield code="a">Carde&#xF1;oso, Concha.</subfield>
    <subfield code="e">translator</subfield>
    <subfield code="d">1956-</subfield>
  </datafield>
  <datafield tag="830" ind1=" " ind2="0">
    <subfield code="a">Libros del Asteroide ;</subfield>
    <subfield code="v">314</subfield>
  </datafield>
  <datafield tag="942" ind1=" " ind2=" ">
    <subfield code="2">lcc</subfield>
  </datafield>
  <datafield tag="952" ind1=" " ind2=" ">
    <subfield code="0">0</subfield>
    <subfield code="1">0</subfield>
    <subfield code="2">lcc</subfield>
    <subfield code="4">0</subfield>
    <subfield code="7">0</subfield>
    <subfield code="a">TBS</subfield>
    <subfield code="b">TBS</subfield>
    <subfield code="d">2025-08-27</subfield>
    <subfield code="l">0</subfield>
    <subfield code="o">P-SP OFA</subfield>
    <subfield code="p">B06038</subfield>
    <subfield code="r">2025-08-27</subfield>
    <subfield code="t">1</subfield>
    <subfield code="w">2025-08-27</subfield>
    <subfield code="y">1</subfield>
  </datafield>
  <datafield tag="999" ind1=" " ind2=" ">
    <subfield code="c">4880</subfield>
    <subfield code="d">4880</subfield>
  </datafield>
</record>
